Ways of Peace (Record no. 6345)

MARC details
000 -LEADER
fixed length control field 00619nam a2200253 a 4500
020 ## - INTERNATIONAL STANDARD BOOK NUMBER
ISBN 0809170
082 00 - DEWEY DECIMAL CLASSIFICATION NUMBER
Classification number 327.17201
Author Cutter COX
100 ## - MAIN ENTRY--AUTHOR NAME
Author name Cox, Gray
245 ## - TITLE STATEMENT
Title Ways of Peace
Sub title a Philosophy of Peace as Action
260 ## - PUBLICATION, DISTRIBUTION, ETC. (IMPRINT)
Place of publication New York
Name of publisher Paulist Press
Year of publication 1986
300 ## - PHYSICAL DESCRIPTION
Number of Pages 211p
500 ## - GENERAL NOTE
General note includes index and biblioraphy
505 2# - FORMATTED CONTENTS NOTE
Formatted contents note Index
650 ## - SUBJECT ADDED ENTRY--TOPICAL TERM
Topical Term Peace
650 ## - SUBJECT ADDED ENTRY--TOPICAL TERM
Topical Term Philosophy-Peace
942 ## - ADDED ENTRY ELEMENTS (KOHA)
Koha item type Books
700 1# -
-- Cox, Gray
Holdings
Collection code Home library Current library Date acquired Cost, normal purchase price Full call number Accession Number Koha item type
  Henry Martyn Institute Library Henry Martyn Institute Library 05/06/2008 100.00 327.17201 COX 014740 Books
                   Copyright © 2026 | Henry Martyn Institute | Hyderabad | TS-500052 | INDIA | Implemented by hmi.edu.in
Hit-Count:

Powered by Koha